ბათუმის შოთა რუსთაველის სახელმწიფო უნივერსიტეტის ბიბლიოთეკა

Hematology: (ბიბ.ჩანაწერი № 61682)

000 -LEADER
fixed length control field 00829nam a22002177a 4500
005 - DATE AND TIME OF LATEST TRANSACTION
control field 20240416162125.0
008 - FIXED-LENGTH DATA ELEMENTS--GENERAL INFORMATION
fixed length control field 240416s2007 enk||||| |||| 00| 0 eng d
020 ## - INTERNATIONAL STANDARD BOOK NUMBER
International Standard Book Number ‎ 9781416030065x
041 ## - LANGUAGE CODE
Language code of text/sound track or separate title eng
080 ## - UNIVERSAL DECIMAL CLASSIFICATION NUMBER
Universal Decimal Classification number 616.15 R-69
100 ## - MAIN ENTRY--PERSONAL NAME
Personal name Rodak, Bernadette F.
9 (RLIN) 21820
245 ## - TITLE STATEMENT
Title Hematology:
Remainder of title Clinical Principles and Applications /
Statement of responsibility, etc. Bernadette F. Rodak, George A. Fritsma, Kathryn Doig.
264 ## - PRODUCTION, PUBLICATION, DISTRIBUTION, MANUFACTURE, AND COPYRIGHT NOTICE
Place of production, publication, distribution, manufacture Philadelphia :
Name of producer, publisher, distributor, manufacturer Saunders,
Date of production, publication, distribution, manufacture, or copyright notice 2007.
300 ## - PHYSICAL DESCRIPTION
Extent 816 p.;
Other physical details ill.;
Dimensions 29 cm.
653 ## - INDEX TERM--UNCONTROLLED
keyword ჰემატოლოგია
653 ## - INDEX TERM--UNCONTROLLED
keyword კლინიკური პრინციპები და აპლიკაციები
653 ## - INDEX TERM--UNCONTROLLED
keyword მედიცინა
700 ## - ADDED ENTRY--PERSONAL NAME
Personal name Fritsma, George A.
Relator term ავტორი
9 (RLIN) 21821
700 ## - ADDED ENTRY--PERSONAL NAME
Personal name Doig, Kathryn
Relator term ავტორი
9 (RLIN) 21822
942 ## - ADDED ENTRY ELEMENTS (KOHA)
Source of classification or shelving scheme
Koha item type წიგნი
ეგზემპლარები
Withdrawn status Lost status Source of classification or shelving scheme Damaged status Not for loan Permanent Location Current Location Shelving location Date acquired Cost, normal purchase price Full call number Barcode Date last seen Copy number Price effective from Koha item type Public note
          ბათუმის შოთა რუსთაველის სახელმწიფო უნივერსიტეტის მთავარი ბიბლიოთეკა ბათუმის შოთა რუსთაველის სახელმწიფო უნივერსიტეტის მთავარი ბიბლიოთეკა წიგნსაცავი 2024-04-16 163.00 616.15 R-69 67836 2024-04-16 67836 2024-04-16 წიგნი 163 ლ.